000 00823nam a22002177a 4500
999 _c64310
_d64310
005 20240530110725.0
008 180415s2016 ua a g b 000 0 ara d
017 _a2016/10444
_bمصر. دار الكتب
020 _a9789773223779
040 _aEG-CaGPL
_cEG-CaGPL
082 0 4 _221
_a956.91\
_bق ق
100 0 _aقاسم عبده قاسم
245 1 2 _aالقدس تاريخ وهوية حضارية :
_bالقدس تحكى حكايتها /
_cقاسم عبده قاسم .
250 _aط.1
260 _aالقاهرة :
_bعين للدراسات و البحوث الانسانية و الاجتماعية،
_c2016 .
300 _a144 ص. ؛
_c20 سم.
651 0 7 _2qrmak
_aالقدس
_xتاريخ
651 0 7 _2qrmak
_aالقدس
_vصور
942 _2ddc
_cBK